Introduction to sociology (Record no. 8712)

MARC details
000 -LEADER
fixed length control field 00518cam a2200205ua 4500
008 - FIXED-LENGTH DATA ELEMENTS--GENERAL INFORMATION
fixed length control field 160617n ii |||gr||||Z||||||eng
020 ## - INTERNATIONAL STANDARD BOOK NUMBER
International Standard Book Number 8176800023
040 ## - CATALOGING SOURCE
Transcribing agency MAIN
041 ## - LANGUAGE CODE
-- eng
082 ## - DEWEY DECIMAL CLASSIFICATION NUMBER
Classification number 301
100 ## - MAIN ENTRY--PERSONAL NAME
Personal name Saikia, Utpal,
Relator term
245 ## - TITLE STATEMENT
Title Introduction to sociology
Statement of responsibility, etc. by Utpal Saikia
250 ## - EDITION STATEMENT
Edition statement 1st ed.
260 ## - PUBLICATION, DISTRIBUTION, ETC.
Place of publication, distribution, etc. Dibrugarh:
Name of publisher, distributor, etc. Students emporium,
Date of publication, distribution, etc. 2006.
300 ## - PHYSICAL DESCRIPTION
Extent 318p.
942 ## - ADDED ENTRY ELEMENTS (KOHA)
Koha item type Books
653 ## - INDEX TERM--UNCONTROLLED
Uncontrolled term Sociology & anthropology
653 ## - INDEX TERM--UNCONTROLLED
Uncontrolled term High secondary 2nd year sociology
Holdings
Withdrawn status Lost status Damaged status Not for loan Home library Current library Shelving location Date acquired Total Checkouts Full call number Barcode Date last seen Date last checked out Copy number Price effective from Koha item type Source of classification or shelving scheme Collection code Cost, normal purchase price
        Central Library, Naharkatiya College Central Library, Naharkatiya College General Stacks 19/09/2020 9 301 | SAI 18984 05/07/2025 25/06/2025 2 19/09/2020 Books      
        Central Library, Naharkatiya College Central Library, Naharkatiya College General Stacks 19/09/2020   301 | SAI 18985 19/09/2020   1 19/09/2020 Books      
        Central Library, Naharkatiya College Central Library, Naharkatiya College General Stacks 19/04/2022 2 301 15703 11/11/2022 02/11/2022 1 19/04/2022 Books Dewey Decimal Classification Sociology 80.00

Naharkatiya College © 2020. All rights reserved.

Powered By